<?xml version="1.0" encoding="UTF-8"?>
<resp>
  <nextPage>https://data.bn.org.pl/api/networks/bibs.marcxml?marc=001+b1000000664250&amp;sinceId=1000000664251</nextPage>
  <collection>
    <record xmlns='http://www.loc.gov/MARC21/slim'><leader>01982nkm a2200553 i 4500</leader><controlfield tag='001'>b1000000664250</controlfield><controlfield tag='005'>20251216080632.5</controlfield><controlfield tag='007'>kj#ao###</controlfield><controlfield tag='008'>200602s1834    fr nnn            anfre c</controlfield><controlfield tag='009'>9911510655705606</controlfield><datafield ind1=' ' ind2=' ' tag='035'><subfield code='a'>(PL)b1000000664250</subfield></datafield><datafield ind1=' ' ind2=' ' tag='040'><subfield code='a'>WA N</subfield><subfield code='c'>WA N</subfield><subfield code='d'>WA N</subfield></datafield><datafield ind1=' ' ind2=' ' tag='046'><subfield code='k'>1834</subfield></datafield><datafield ind1='1' ind2=' ' tag='100'><subfield code='a'>Grévedon, Henri</subfield><subfield code='d'>(1776-1860)</subfield><subfield code='e'>Rytownik</subfield></datafield><datafield ind1='1' ind2='0' tag='245'><subfield code='a'>Livonienne (Emp. Russe.) /</subfield><subfield code='c'>H Grevedon.</subfield></datafield><datafield ind1=' ' ind2=' ' tag='260'><subfield code='a'>Paris :</subfield><subfield code='b'>Aumont, rue J. J. Rousseau, no. 10 :</subfield><subfield code='b'>Tessari et Cie. rue du Cloitre N. D. no. 4,</subfield><subfield code='c'>[1834]</subfield><subfield code='e'>([Paryż] :</subfield><subfield code='f'>lith. de Lemercier).</subfield></datafield><datafield ind1=' ' ind2=' ' tag='300'><subfield code='a'>1 grafika :</subfield><subfield code='b'>litografia ;</subfield><subfield code='c'>35,5x26 cm.</subfield></datafield><datafield ind1=' ' ind2=' ' tag='336'><subfield code='a'>Obraz</subfield><subfield code='b'>sti</subfield><subfield code='2'>rdacontent</subfield></datafield><datafield ind1=' ' ind2=' ' tag='337'><subfield code='a'>Bez urządzenia pośredniczącego</subfield><subfield code='b'>n</subfield><subfield code='2'>rdamedia</subfield></datafield><datafield ind1=' ' ind2=' ' tag='338'><subfield code='a'>Arkusz</subfield><subfield code='b'>nb</subfield><subfield code='2'>rdacarrier</subfield></datafield><datafield ind1=' ' ind2=' ' tag='380'><subfield code='a'>Grafiki</subfield></datafield><datafield ind1=' ' ind2=' ' tag='386'><subfield code='m'>Przynależność kulturowa</subfield><subfield code='a'>Grafika francuska</subfield></datafield><datafield ind1='1' ind2=' ' tag='388'><subfield code='a'>1801-1900</subfield></datafield><datafield ind1=' ' ind2=' ' tag='500'><subfield code='a'>Ilustracja do: Henri Grévedon, Le miroir des dames.</subfield></datafield><datafield ind1='4' ind2=' ' tag='510'><subfield code='a'>Inventaires du fonds français après 1800,</subfield><subfield code='c'>tom 9, s. 386, pozycja 90.</subfield></datafield><datafield ind1=' ' ind2='7' tag='648'><subfield code='a'>1801-1900</subfield><subfield code='2'>DBN</subfield></datafield><datafield ind1=' ' ind2='7' tag='650'><subfield code='a'>Kobieta</subfield><subfield code='2'>DBN</subfield></datafield><datafield ind1=' ' ind2='7' tag='650'><subfield code='a'>Moda damska</subfield><subfield code='2'>DBN</subfield></datafield><datafield ind1=' ' ind2='7' tag='655'><subfield code='a'>Litografia</subfield><subfield code='2'>DBN</subfield></datafield><datafield ind1='1' ind2=' ' tag='700'><subfield code='a'>Aumont, Hilaire</subfield><subfield code='d'>(17..-18..)</subfield><subfield code='e'>Wydawca</subfield></datafield><datafield ind1='2' ind2=' ' tag='710'><subfield code='a'>Imprimerie Lemercier (Paryż)</subfield><subfield code='e'>Druk</subfield></datafield><datafield ind1='2' ind2=' ' tag='710'><subfield code='a'>Tessari et Cie (Paryż)</subfield><subfield code='e'>Wydawca</subfield></datafield><datafield ind1=' ' ind2=' ' tag='852'><subfield code='8'>22639685280005066</subfield><subfield code='j'>0</subfield><subfield code='h'>Neg.52576</subfield><subfield code='b'>BN_PL</subfield><subfield code='p'>888a0979507</subfield><subfield code='c'>bamf</subfield></datafield><datafield ind1=' ' ind2=' ' tag='852'><subfield code='8'>22639685340005066</subfield><subfield code='j'>1</subfield><subfield code='h'>G.55032/WAF.1767</subfield><subfield code='b'>BN_PL</subfield><subfield code='p'>888a0979501</subfield><subfield code='c'>bikon</subfield></datafield><datafield ind1=' ' ind2=' ' tag='852'><subfield code='b'>48OMNIS_NLOP</subfield><subfield code='8'>991052719090105066</subfield></datafield><datafield ind1=' ' ind2=' ' tag='852'><subfield code='b'>48OMNIS_NETWORK</subfield><subfield code='8'>9911510655705606</subfield></datafield></record>
  </collection>
</resp>
